01383nac a22003371u 4500999001500000003000900015005001700024008004100041020001500082040004300097082001900140100004600159245009500205264005600300300004700356336002600403337002800429338002700457500002600484504005100510600005100561600007100612600005000683650006300733650005000796651001000846653002200856655002400878942002200902952012100924 c7402d7402EG-ScBUE20210504090939.0200219s1998 -cna f b 001 0 eng d a0773516824 aEG-ScBUEbengerdacEG-ScBUEdEG-ScBUE04a821.7bPIE2221 aPierce, John Benjamin,‏d1957-eauthor.10aFlexible design :brevisionary poetics in Blake's Vala or The four Zoas /cJohn B. Pierce. 1aMontreal :bMcGill-Queen's University Press,c1998. axxvii, 206 pages :billustrations ;c24 cm 2rdacontentatextbtxt 2rdamediaaunmediatedbn 2rdacarrieravolumebnc adistributer: Al-Ahram aIncludes bibliographical references and index.17aBlake, William,d1757-1827.tFour Zoas.2BUEsh17aBlake, William,d1757-1827.tFour ZoasxCriticism, Textual.2BUEsh17aBlake, William,d1757-1827xTechnique.2BUEsh 7aNarration (Rhetoric)xHistoryy18th century.2BUEsh933957 7aPoeticsxHistoryy18th century.2BUEsh940332 2BUEsh bHHUUEENNcMay2021 vReading book934232 cBBk821.7PIE2ddc 00102ddc3 40708AlahramaMAINbMAINc2NDd2008-01-23ePurchasel0o821.7 PIEp000009014r2025-07-15 00:00:00yBB